Countries Of Africa Quiz - Statistics

General Stats
  • This quiz has been taken 213 times
  • The average score is 34 of 53
Answer Stats
Hint Answer % Correct
A Algeria
89%
D Democratic Republic of the Congo
89%
A Angola
84%
C Chad
83%
Z Zimbabwe
83%
N Niger
82%
N Nigeria
80%
L Libya
79%
S South Africa
79%
C Congo
78%
E Ethiopia
78%
B Botswana
77%
E Egypt
77%
K Kenya
77%
S Sudan
76%
Z Zambia
76%
G Ghana
75%
U Uganda
75%
S South sudan
74%
C Cameroon
73%
R Rwanda
72%
M Morocco
71%
M Mali
70%
S Somalia
70%
T Tanzania
68%
G Guinea
66%
M Madagascar
66%
B Benin
64%
E Eritrea
63%
D Djibouti
62%
L Lesotho
62%
T Tunisia
62%
B Burkina Faso
59%
L Liberia
59%
S Senegal
59%
T Togo
59%
M Mozambique
58%
C Cape Verde
57%
G Gambia
56%
B Burundi
55%
G Gabon
55%
M Mauritania
54%
E Eswatini
53%
G Guinea-Bissau
53%
E Equatorial Guinea
52%
M Malawi
51%
M Mauritius
50%
S Sierra Leone
49%
C Comoros
46%
S Seychelles
45%
S Sao Tome and Principe
30%
N Nambia
19%
C Central Africa Republic
14%
No matching quizzes found
Score Distribution
Percent of People with Each Score
Percentile by Number Answered
Your Score History
You have not taken this quiz